Governmental reorganizations : cases and commentary / (Record no. 51785)
[ view plain ]
| 000 -LEADER | |
|---|---|
| fixed length control field | 01021cam a22002531 4500 |
| 001 - CONTROL NUMBER | |
| control field | 51785 |
| 003 - CONTROL NUMBER IDENTIFIER | |
| rucl marc code | BD-RjUL |
| 005 - DATE AND TIME OF LATEST TRANSACTION | |
| control field | 20211209075719.0 |
| 008 - FIXED-LENGTH DATA ELEMENTS--GENERAL INFORMATION | |
| fixed length control field | 160903s1967 inua b 000 0 eng |
| 035 ## - SYSTEM CONTROL NUMBER | |
| System control number | (BD-RjUL)51905 |
| 040 ## - CATALOGING SOURCE | |
| Original cataloging agency | DLC |
| Transcribing agency | DLC |
| Modifying agency | DLC |
| Language of cataloging | eng |
| 041 ## - LANGUAGE CODE | |
| Language code of text/sound track or separate title | eng |
| 082 00 - DEWEY DECIMAL CLASSIFICATION NUMBER | |
| Classification number | 350.000186 |
| Author mark and year | GOV 1967 |
| 110 2# - MAIN ENTRY--CORPORATE NAME | |
| Corporate name or jurisdiction name as entry element | Inter-university Case Program. |
| 9 (RLIN) | 154903 |
| 245 10 - TITLE STATEMENT | |
| Title | Governmental reorganizations : cases and commentary / |
| Statement of responsibility, etc. | Edited by Frederick C. Mosher. A joint project of the Inter -university Case Program, inc. and the Institute of Governmental Studies. |
| 260 ## - PUBLICATION, DISTRIBUTION, ETC. (IMPRINT) | |
| Place of publication, distribution, etc. | Indianapolis : |
| Name of publisher, distributor, etc. | Published for the Inter-university Case Program, inc., by Bobbs-Merrill |
| Date of publication, distribution, etc. | [1967] |
| 300 ## - PHYSICAL DESCRIPTION | |
| Pagination | xx, 545 p. : |
| Illustrations | ill. ; |
| Size | 26 cm. |
| 504 ## - BIBLIOGRAPHY, ETC. NOTE | |
| Bibliography, etc | Includes bibliographies. |
| 650 #0 - SUBJECT ADDED ENTRY--TOPICAL TERM | |
| Topical term or geographic name as entry element | Public administration |
| General subdivision | Case studies. |
| 9 (RLIN) | 154904 |
| 700 1# - ADDED ENTRY--PERSONAL NAME | |
| Personal name | Mosher, Frederick C., |
| Relator term | ed. |
| 710 2# - ADDED ENTRY--CORPORATE NAME | |
| Corporate name or jurisdiction name as entry element | University of California, Berkeley. |
| Subordinate unit | Institute of Governmental Studies. |
| 9 (RLIN) | 154906 |
| 942 ## - ADDED ENTRY ELEMENTS (KOHA) | |
| Source of classification or shelving scheme | Dewey Decimal Classification |
| Koha item type | Books |
| Lost status | Source of classification or shelving scheme | Damaged status | Not for loan | Collection code | Permanent Location | Current Location | Shelving location | Date acquired | Source of acquisition | Cost, normal purchase price | Total Checkouts | Full call number | Date last seen | Copy number | Koha item type |
|---|---|---|---|---|---|---|---|---|---|---|---|---|---|---|---|
| Dewey Decimal Classification | Non-fiction | Central Library, University of Rajshahi | Central Library, University of Rajshahi | 24/06/1970 | Zeetlinger | 114.00 | 350.000186 GOV 1967 | 03/09/2016 | C-2 | Books |